American urban history : an interpretive reader with commentaries /

Bibliographic Details
Other Authors: Callow, Alexander B.
Format: Book
Language:English
Published: New York : Oxford University Press, 1982.
Edition:3rd ed.
Subjects:

MARC

Tag First Indicator Second Indicator Subfields
LEADER 00000pam a2200000 a 4500
001 in00000086609
005 20151008064611.0
008 810318s1982 nyua b 00000 eng
010 |a  81004465  
020 |a 019502981X (pbk.) :  |c $11.95 
035 |a (OCoLC)07305959 
035 |9 AAK4470AM 
039 0 |a 2  |b 3  |c 3  |d 3  |e 3 
040 |a DLC  |c DLC  |d TXA  |d UtOrBLW 
043 |a n-us--- 
049 |a TXAM  |c [1196373] 
050 0 0 |a HT123  |b .A666 1982 
082 0 |a 307.7/6/0973 
245 0 0 |a American urban history :  |b an interpretive reader with commentaries /  |c edited by Alexander B. Callow, Jr. 
250 |a 3rd ed. 
264 1 |a New York :  |b Oxford University Press,  |c 1982. 
300 |a x, 566 pages :  |b illustrations ;  |c 23 cm. 
336 |a text  |b txt  |2 rdacontent 
337 |a unmediated  |b n  |2 rdamedia 
338 |a volume  |b nc  |2 rdacarrier 
504 |a Includes bibliographical references. 
650 0 |a Cities and towns  |z United States  |x History. 
700 1 |a Callow, Alexander B. 
999 |a MARS 
999 f f |s c6742f14-489d-33b7-8d0e-3dd4e5635736  |i 5e1d087d-f9de-3b8b-b083-669f8e308ede  |t 0 
952 f f |p ric  |a Texas A&M University  |b Rellis Campus  |c Joint Library Facility  |d Remote Storage  |t 0  |e HT123 .A666 1982  |h Library of Congress classification  |i unmediated -- volume  |m A14806144281 
998 f f |a HT123 .A666 1982  |t 0  |l Remote Storage